| 000 | 00991nam a2200277 i 4500 | ||
|---|---|---|---|
| 001 | bg | ||
| 003 | KOSZ 005 | ||
| 005 | 20240405063003.0 | ||
| 008 | 960606s1968 pl a g 001 0 pol | ||
| 040 |
_aWA N _cKOSZ 005/RW _dKOSZ 005/RW |
||
| 080 | _a1(091) | ||
| 100 | 1 |
_aTatarkiewicz, Władysław _d(1886-1980) _eAutor |
|
| 245 | 1 | 0 |
_aHistoria filozofii. _nT. 3, _pFilozofia XIX wieku i współczesna / _cWładysław Tatarkiewicz. |
| 246 | 3 | 0 | _aFilozofia XIX wieku i współczesna |
| 250 | _aWyd. 3. | ||
| 260 |
_aWarszawa : _bPaństwowe Wydawnictwo Naukowe, _c1968. |
||
| 300 |
_a504, [1] s. : _bil. ; _c25 cm. |
||
| 380 | _aKsiążki | ||
| 504 | _aBibliogr. przy rozdz. Indeks. | ||
| 650 | 4 |
_aFilozofia _xhistoria _y19-20 w. |
|
| 648 | 4 | _a1801-1900 | |
| 648 | 4 | _a1901-2000 | |
| 710 | 2 |
_aPaństwowe Wydawnictwo Naukowe _4pbl. |
|
| 856 |
_uhttp://koha.tu.koszalin.pl/cgi-bin/koha/opac-detail.pl?biblionumber=10949 _yKatalog online BPK |
||
| 942 |
_cKS _2UKD |
||
| 999 |
_c10949 _d10949 |
||